Quizzes
Events
Quiz Creation
Community
Videos
Private Events
Remove Ads
Sign In
Join for FREE
Feedback
Dark Mode
Quiz Categories
Sports
Geography
Music
Movies
Television
Just For Fun
Miscellaneous
History
Literature
Language
Science
Gaming
Entertainment
Religion
Holiday
For Kids
Quiz Lab
Recent
Popular Today
Quiz Kudos Today
Editor Picks
Curator Picks
Quizzes by...
Day
Popularity
Type
Ratings
Length
Year
Community
Subscriptions
Recent Discussions
Orange Saloon
Badges
Playlists
Quests
Create
Leaderboards
Showdown
Live 5
Trivia Bingo
Activity
Puzzle Library
Sporcle Events
Private Events
Virtual Trivia
Globe League
Become a Host
Pub Owners
SporcleCon
Opinionation
Our Games
Videos
Blog
Mobile Apps
Partnerships
Remove Ads and Go Orange
Feedback
Music
Pop Music
The Beatles
Song
Album
Lyrics
Bands
Singers
Artist
Clip
Rock
Rap
Classical
Billboard
Country Music
Kpop
Taylor Swift
Music
Pop Music
The Beatles
Song
Album
Lyrics
Bands
Singers
Artist
Clip
Rock
Rap
Classical
Billboard
Country Music
Kpop
Taylor Swift
Random Quiz
Search Sporcle
×
Quiz Lab
Quiz Lab
Music
Country
Type in answers that appear in a list
Type in answers that appear in a list
Classic
Best Score? Go Orange.
Name the metal bands: C Stats
Can you name the metal bands: C?
By
dyster
7m
22 Questions
212 Plays
212 Plays
212 Plays
Comments
Comments
Give Quiz Kudos
Give Quiz Kudos
-
- Ratings
hide this ad
More Info
Replay
Link that replays current quiz
Next Quiz
Link to next quiz in quiz playlist
You Got
0%
They Got
Avg Score
34%
Avg Friend Score
Upgrade to see
Score Distribution
Jump to the score distribution portion of the page
Score
0/22
Timer
07:00
0
Plays Today
Album
Name
% Correct
Tomb of the Mutilated
Cannibal Corpse
88.7%
Hate Crew Deathroll
Children of Bodom
78.8%
To Mega Therion
Celtic Frost
76.4%
Reek of Putrefaction
Carcass
72.6%
Epicus Doomicus Metallicus
Candlemass
71.7%
Midian
Cradle of Filth
65.6%
Humanure
Cattle Decapitation
42.9%
And Then You'll Beg
Cryptopsy
40.6%
The Ethereal Mirror
Cathedral
39.6%
Nexus Polaris
Covenant
38.7%
Strange Old Brew
Carpathian Forest
35.8%
Album
Name
% Correct
Folk-
Lore
Cruachan
29.2%
Eternal Winter's Prophecy
Catamenia
17%
Downhearted
Charon
17%
Last Sons of Evil
The Cumshots
12.3%
Diabolical Desolation
Centinex
9%
Mirrored Hate Painting
Carpe Tenebrum
9%
Firedemon
Carnal Forge
7.1%
Pitch-
Black Blues
Cryhavoc
6.6%
Mirrored Revelation
Celebratum
5.2%
The White Noise Within
Chaoswave
2.8%
Treatise on the Abyss
Catholicon
2.8%
Quiz Playlist
Details
Report
Send in Message
Add To Playlist
More Info:
Can you name the metal bands starting with C?
Classic:
Type in answers that appear in a list
Last Updated: Feb 16, 2017
Quiz Scoreboard
CHALLENGE
Sign Up to Join the Scoreboard
Show All
Scores
Hide
Comments
May contain spoilers
Recently Published
9x9 Crossword: Cartoon Network
by jackfrog10
Miscellaneous
3m
College Basketball Coaching Resumes
by pancakes188
Sports
9m
Billboard Blitz: Fleetwood Mac
by CooCooCachoo
Music
15s
More to Explore
Quiz From the Vault
Featured Blog Post
Where Did the Easter Bunny Come From?
hide this ad
You Might Also Like...
Tags
Album Quiz
Bands Quiz
Country Quiz
metal
Metal Bands
Today's Top Quizzes in Music
Browse Music
hide this ad
Today's Top Quizzes in Country
Browse Country
Top Contributed Quizzes in Music
1
Taylor Swift All Songs (2024)
2
Guess the Artist- 70s Songs
3
7-to-1: Billboard Hot 100 #1 Hits of 2010s
4
Sorting Albums and Songs
5
Taylor Swift Logic Puzzle
6
KPOP LOGIC QUIZ
7
Guess the Taylor Swift song (Mystery Song)
8
One Thing in Common: Music
9
2010s Album by Cover III
10
Guess The Taylor Swift Lyrics Song #1
Explore More
Trending Topics
Kpop
Marvel
Harry Potter
NBA
Crossword
Anime
Disney
Pokémon
Soccer
Puzzle
Song
WWE
NFL
Country
The Office
hide this ad
More By:
dyster
Quiz
Plays
Rating
Category
Featured
Created
Beatles Albums by Any Song
22,290
4.41
Music
May 24, 2014
Footballers Born in 1976
11,209
4.08
Sports
Aug 10, 2022
Best Metal Albums of the 80s
2,585
5.00
Music
Oct 30, 2015
Black Metal
2,339
4.63
Music
Apr 6, 2011
A decade of English football '90s
2,309
4.00
Sports
Mar 27, 2016
Go to Creator's Profile
Score Distribution
Quiz Creator Spotlight
dyster
Follow
Send a Message
Quizzes Created
-
Created Quiz Play Count
-
More By This Creator
Popular Quizzes Today
1
Find the US States - No Outlines Minefield
2
Find the Countries of Europe - No Outlines Minefield
3
The Countries of the World
4
Find the US States
5
Risky Map Clicking: Biggest States A-Z
6
US States
7
Popular People in 1961
8
Movies - When Are They Set?
More Music Quizzes
Music from... London 5 (clips)
Editor's Pick
Trending Quizzes
Risky Map Clicking: Least Populous States A-Z
1-10 Letter G Words
1-10 Letter F Words
Risky Map Clicking: Next State Alphabetically
Adjectives in 80s TV Shows
Recently Updated
Leaping Animals
pecheneg
Reality TV Shows (A-Z)
bhenderson79
Rickey Henderson's Hall of Fame Teammates
pecheneg
Champions League XIs: Arsenal
pecheneg
Quick Pick: Celebrities in WWE's Hall of Fame
aduchscher
A-Z Keypad Blitz II
pecheneg
Multiple Oscar Actors
pecheneg
Mystery Phrase Blitz: Oscar 'Best Actors'
pecheneg
F. Scott Fitzgerald Novels
LTH
Pick 3 Villains
ddd62291
Trending Topics
Kpop
Anime
Harry Potter
Crossword
Disney
Marvel
NBA
Song
Puzzle
Pokémon
The Office
WWE
NFL
Soccer
Country
Your Account Isn't Verified!
In order to create a playlist on Sporcle, you need to verify the email address you used during registration. Go to your
Sporcle Settings
to finish the process.
Report this User
Report this user for behavior that violates our
Community Guidelines
.
Details:
Send Report
Go to the Sporcle.com Mobile Site →
Comments